<?xml version="1.0" encoding="UTF-8"?>
<record
    xmlns:xsi="http://www.w3.org/2001/XMLSchema-instance"
    xsi:schemaLocation="http://www.loc.gov/MARC21/slim http://www.loc.gov/standards/marcxml/schema/MARC21slim.xsd"
    xmlns="http://www.loc.gov/MARC21/slim">

  <leader>00979nam0a22002771  4500</leader>
  <controlfield tag="001">RU\NLR\A1SV\94284</controlfield>
  <controlfield tag="005">20260407221812.0</controlfield>
  <datafield tag="035" ind1=" " ind2=" ">
    <subfield code="a">(NLR Aleph) 009775637</subfield>
  </datafield>
  <datafield tag="090" ind1=" " ind2=" ">
    <subfield code="a">10073941</subfield>
    <subfield code="c">10073941</subfield>
  </datafield>
  <datafield tag="100" ind1=" " ind2=" ">
    <subfield code="a">20090407d1926    u  y0rusy50      ca</subfield>
  </datafield>
  <datafield tag="101" ind1="0" ind2=" ">
    <subfield code="a">rus</subfield>
  </datafield>
  <datafield tag="102" ind1=" " ind2=" ">
    <subfield code="a">RU</subfield>
  </datafield>
  <datafield tag="200" ind1="1" ind2=" ">
    <subfield code="a">&#x41C;&#x435;&#x436;&#x434;&#x443;&#x43D;&#x430;&#x440;&#x43E;&#x434;&#x43D;&#x44B;&#x439; &#x44E;&#x43D;&#x43E;&#x448;&#x435;&#x441;&#x43A;&#x438;&#x439; &#x434;&#x435;&#x43D;&#x44C;</subfield>
    <subfield code="e">&#x41A;&#x43D;., &#x432;&#x44B;&#x448;&#x435;&#x434;&#x448;&#x438;&#x435; &#x432; &#x438;&#x437;&#x434;. &#x438;&#x437;&#x434;-&#x432;&#x430; "&#x41D;&#x43E;&#x432;&#x430;&#x44F; &#x41C;&#x43E;&#x441;&#x43A;&#x432;&#x430;"</subfield>
    <subfield code="f">&#x418;&#x437;&#x434;-&#x432;&#x43E; &#x41C;&#x43E;&#x441;&#x43A;. &#x421;&#x43E;&#x432;. &#x420;&#x41A;. &#x438; &#x41A;&#x414; &#x41D;&#x43E;&#x432;&#x430;&#x44F; &#x41C;&#x43E;&#x441;&#x43A;&#x432;&#x430;</subfield>
    <subfield code="g">&#x41F;&#x43E;&#x434; &#x43E;&#x431;&#x449;. &#x440;&#x435;&#x434;. &#x41C;&#x41A; &#x412;&#x41B;&#x41A;&#x421;&#x41C;</subfield>
  </datafield>
  <datafield tag="210" ind1=" " ind2=" ">
    <subfield code="a">&#x41C;.</subfield>
    <subfield code="c">&#x418;&#x437;&#x434;-&#x432;&#x43E; &#x41C;&#x43E;&#x441;&#x43A;. &#x421;&#x43E;&#x432;. &#x420;&#x41A;. &#x438; &#x41A;&#x414; "&#x41D;&#x43E;&#x432;&#x430;&#x44F; &#x41C;&#x43E;&#x441;&#x43A;&#x432;&#x430;"</subfield>
    <subfield code="d">1926</subfield>
  </datafield>
  <datafield tag="215" ind1=" " ind2=" ">
    <subfield code="a">12 &#x441;.</subfield>
    <subfield code="d">22 &#x441;&#x43C;</subfield>
  </datafield>
  <datafield tag="620" ind1=" " ind2=" ">
    <subfield code="d">&#x41C;&#x43E;&#x441;&#x43A;&#x432;&#x430;</subfield>
  </datafield>
  <datafield tag="710" ind1="0" ind2="2">
    <subfield code="a">"&#x41D;&#x43E;&#x432;&#x430;&#x44F; &#x41C;&#x43E;&#x441;&#x43A;&#x432;&#x430;", &#x438;&#x437;&#x434;&#x430;&#x442;&#x435;&#x43B;&#x44C;&#x441;&#x442;&#x432;&#x43E;</subfield>
    <subfield code="3">RU\NLR\AUTH\8810148841</subfield>
    <subfield code="9">792222</subfield>
  </datafield>
  <datafield tag="801" ind1=" " ind2="0">
    <subfield code="a">RU</subfield>
    <subfield code="b">NLR</subfield>
    <subfield code="c">20090407</subfield>
  </datafield>
  <datafield tag="899" ind1=" " ind2=" ">
    <subfield code="a">&#x420;&#x41A;&#x41F;</subfield>
  </datafield>
  <datafield tag="899" ind1=" " ind2=" ">
    <subfield code="a">&#x413;&#x41E;&#x41F;&#x411;</subfield>
  </datafield>
  <datafield tag="899" ind1=" " ind2=" ">
    <subfield code="a">&#x420;&#x413;&#x411;</subfield>
  </datafield>
  <datafield tag="942" ind1=" " ind2=" ">
    <subfield code="c">BOOK</subfield>
  </datafield>
  <datafield tag="980" ind1=" " ind2=" ">
    <subfield code="a">NB</subfield>
  </datafield>
  <datafield tag="980" ind1=" " ind2=" ">
    <subfield code="a">A1SV</subfield>
  </datafield>
  <datafield tag="980" ind1=" " ind2=" ">
    <subfield code="a">A1SV</subfield>
  </datafield>
</record>
